000
00450nam a2200181Ia 4500
008
100917s9999 xx 000 0 und d
082
_b
13663
100
_a
साहित्य सेवा मंडळ
245
_a
फुलोरा
260
_b
---
_c
1927
300
_a
107
365
_b
0
520
_a
कविता
630
_a
फुलोरा
650
_a
कविता
730
_a
फुलोरा
942
_c
BOOK
999
_c
619057
_d
619054